000
00290nam a22001337a 4500
008
170612b xxu||||| |||| 00| 0 eng d
020
_a
9780393976427
041
_a
eng
080
_2
5TH
_a
93
100
_a
19
101
_a
shh
245
_a
THE EUROPEAN ERA
_c
GILBERT, F
942
_2
udc
_c
BK
999
_c
16994
_d
16994